| 000 | 00000nam 2200000za 4500 |
| 001 | 9.816893 |
| 003 | CaOODSP |
| 005 | 20221107142342 |
| 007 | cr ||||||||||| |
| 008 | 160504s2010||||oncd||||o f000 0 eng d |
| 040 | |aCaOODSP|beng |
| 043 | |an-cn--- |
| 086 | 1 |aED5-3/2010E-PDF |
| 100 | 1 |aHall, Peter, |d1932- |
| 245 | 14|aThe future of financial intermediation |h[electronic resource] / |cby Peter Hall. |
| 260 | |a[Ottawa] : |bEDC, |c2010. |
| 300 | |a16 p. : |bgraphs |
| 500 | |a"White paper." |
| 500 | |a"Economics, January 2010." |
| 520 | 0 |a"This paper outlines the main trends that are expected to shape financial intermediation for the foreseeable future, and the implications of those trends for institutions in the industry. These trends are identified by mapping out the context and evolution of the current malaise in financial markets, the instant and more lasting responses to the crisis, and key structural features that will have a bearing on the ongoing development of the industry."--Introd., p. 2. |
| 692 | 07|2gccst|aBanking |
| 692 | 07|2gccst|aFinancial institutions |
| 710 | 2 |aExport Development Canada. |
| 856 | 40|qPDF|s127 KB|uhttps://publications.gc.ca/collections/collection_2016/edc/ED5-3-2010-eng.pdf |